书目信息 |
| 题名: |
巴布尔回忆录
|
|
| 作者: | 印度 巴布尔 著 | |
| 分册: | ||
| 出版信息: | 北京 商务印书馆 1997.12 |
|
| 页数: | 719页 | |
| 开本: | 32开 | |
| 丛书名: | ||
| 单 册: | ||
| 中图分类: | K351 | |
| 科图分类: | ||
| 主题词: | 南亚--历史 | |
| 电子资源: | ||
| ISBN: | 7-100-01858-7 | |
| 000 | 00540nam0 2200193 45 | |
| 001 | 0009192095 | |
| 005 | 20000919210134.7 | |
| 010 | @a7-100-01858-7@d33.00元 | |
| 100 | @a20000919d1997 km y0chiy0120 ea | |
| 101 | 0 | @achi |
| 105 | @a z 000yy | |
| 200 | 1 | @a巴布尔回忆录@ABa Bu Er Hui Yi Lu@f印度 巴布尔著@FYin Du Ba Bu Er Zhu |
| 210 | @a北京@c商务印书馆@d1997.12 | |
| 215 | @a719页@d32开 | |
| 606 | 0 | @a南亚@x历史 |
| 690 | @aK351@v3 | |
| 701 | 0 | @a印度 巴布尔@4著 |
| 801 | @aCN@bPftUser@c20000919 | |
| 905 | @b149454-456@dK351@eB209@f3 | |
| 巴布尔回忆录/印度 巴布尔著.-北京:商务印书馆,1997.12 |
| 719页;32开 |
| ISBN 7-100-01858-7:33.00元 |
| ● |
| 相关链接 |
|
|
|
正题名:巴布尔回忆录
索取号:K351/B209
 
预约/预借
| 序号 | 登录号 | 条形码 | 馆藏地/架位号 | 状态 | 备注 |
| 1 | 149454 | 201494542 | 社科库309/309社科库 39排7列6层/ [索取号:K351/B209] | 在馆 | |
| 2 | 149455 | 201494551 | 社科库309/309社科库 39排7列6层/ [索取号:K351/B209] | 在馆 | |
| 3 | 149456 | 201494560 | 社科库309/309社科库 39排7列6层/ [索取号:K351/B209] | 在馆 |